|
|
|
|
| LEADER |
00000nam0a2200000 4500 |
| 001 |
678249 |
| 005 |
20250120110844.0 |
| 090 |
|
|
|a 678249
|
| 100 |
|
|
|a 20250120d1979 k||y0rusy50 ca
|
| 101 |
0 |
|
|a rus
|
| 102 |
|
|
|a RU
|
| 105 |
|
|
|a a z 001yy
|
| 181 |
|
0 |
|a i
|b e
|
| 182 |
|
0 |
|a n
|
| 183 |
|
0 |
|a nc
|2 RDAcarrier
|
| 200 |
1 |
|
|a Прогноз внезапных выбросов угля и газа
|f О. И. Чернов, В. Н. Пузырев
|
| 203 |
|
|
|a Текст
|b визуальный
|c непосредственный
|
| 210 |
|
|
|a Москва
|c Недра
|d 1979
|
| 215 |
|
|
|a 296 с.
|c ил.
|
| 283 |
|
|
|a volume
|2 RDAcarrier
|
| 606 |
1 |
|
|a Угольные шахты
|x Выбросы угля, внезапные
|9 79870
|
| 610 |
1 |
|
|a горное дело
|
| 610 |
1 |
|
|a внезапные выбросы
|
| 610 |
1 |
|
|a тектоника
|
| 610 |
1 |
|
|a метаморфизм
|
| 610 |
1 |
|
|a угольные пласты
|
| 610 |
1 |
|
|a выбросопасные зоны
|
| 610 |
1 |
|
|a геологоразведочные работы
|
| 610 |
1 |
|
|a квершлаги
|
| 610 |
1 |
|
|a призабойные части
|
| 610 |
1 |
|
|a газовыделение
|
| 610 |
1 |
|
|a шпуры
|
| 610 |
1 |
|
|a сейсмоакустический анализ
|
| 610 |
1 |
|
|a газодинамические явления
|
| 610 |
1 |
|
|a предотвращение
|
| 675 |
|
|
|a 622.831.322
|v 4
|
| 700 |
|
1 |
|a Чернов
|b О. И.
|g Олег Игнатьевич
|
| 701 |
|
1 |
|a Пузырев
|b В. Н.
|g Владимир Николаевич
|
| 801 |
|
0 |
|a RU
|b 63413507
|c 20250120
|
| 830 |
|
|
|a Ретро2025Каталогизация Кузнецова
|
| 850 |
|
|
|a 63413507
|
| 942 |
|
|
|c BK
|